000 00294nam a22001217a 4500
999 _c4308
_d4308
008 250206b ||||| |||| 00| 0 eng d
020 _a9780141370217
082 _a823.914
100 _aSMITH,DICK KING
_eAUTHOR
245 _aTHE SHEEP PIG
260 _aGREAT BRITAIN
_bPUFFIN BOOKS
942 _2ddc